[Event "BCF-chT3Sa 1920 (4NCL)"]
[Site "England"]
[Date "2020.02.08"]
[Round "5.21"]
[White "Harley, Andrew D"]
[Black "Brown, Thomas"]
[Result "1/2-1/2"]
[WhiteElo "2184"]
[BlackElo "2095"]
[PlyCount "41"]
[EventDate "2019.11.09"]
[EventType "team-tourn"]
[EventRounds "11"]
[EventCountry "ENG"]
[SourceTitle "EXT 2023"]
[Source "ChessBase"]
[SourceDate "2022.10.05"]
[SourceVersion "1"]
[SourceVersionDate "2022.10.05"]
[SourceQuality "1"]
[WhiteTeam "Poisoned Pawns"]
[BlackTeam "Rhyfelwyr Essyllwg"]
[WhiteTeamCountry "ENG"]
[BlackTeamCountry "WLS"]

1. e4 g6 2. d4 Bg7 3. Nc3 c6 4. Nf3 d6 5. Be2 Nf6 6. 0-0 0-0 7. Re1 Nbd7 8. Bf4 Qa5 9. Qd2 e5 10. dxe5 dxe5 11. Bg5 Re8 12. a3 Nf8 13. Rad1 Bg4 14. h3 Bxf3 15. Bxf3 Ne6 16. Bxf6 Bxf6 17. Nd5 Qd8 18. Nxf6+ Qxf6 19. c3 Red8 20. Qe3 b6 21. Be2 1/2-1/2

[Event "BCF-chT3Sa 1920 (4NCL)"]
[Site "England"]
[Date "2019.11.09"]
[Round "1.31"]
[White "Oliveira, Sancho"]
[Black "Harley, Andrew D"]
[Result "1-0"]
[WhiteElo "2267"]
[BlackElo "2184"]
[PlyCount "163"]
[EventDate "2019.11.09"]
[EventType "team-tourn"]
[EventRounds "11"]
[EventCountry "ENG"]
[SourceTitle "EXT 2023"]
[Source "ChessBase"]
[SourceDate "2022.10.05"]
[SourceVersion "1"]
[SourceVersionDate "2022.10.05"]
[SourceQuality "1"]
[WhiteTeam "CSC"]
[BlackTeam "Poisoned Pawns"]
[WhiteTeamCountry "ENG"]
[BlackTeamCountry "ENG"]

1. e4 e6 2. d4 d5 3. Nc3 Bb4 4. e5 c5 5. a3 Bxc3+ 6. bxc3 Ne7 7. Qg4 0-0 8. Bd3 f5 9. exf6 Rxf6 10. Bg5 Rf7 11. Qh5 g6 12. Qd1 Qa5 13. Bd2 Nd7 14. Nf3 Nc6 15. 0-0 c4 16. Be2 Nf6 17. Ng5 Re7 18. f4 h6 19. Nh3 Ne4 20. Bf3 Nxd2 21. Qxd2 Kg7 22. Nf2 Bd7 23. Ng4 Rh8 24. Rfe1 Qc7 25. Ne5 Qd6 26. Bg4 Rf8 27. g3 Nxe5 28. Rxe5 b5 29. Qe3 a5 30. h4 Rf6 31. Qd2 Re8 32. Kg2 Rb8 33. Re2 Rb6 34. Qe3 Bc8 35. Qe5 Qxe5 36. Rxe5 Bd7 37. Kf2 Rf8 38. Ke2 Kf6 39. Kd2 Rg8 40. Rb1 h5 41. Bh3 Rgb8 42. Rbe1 Ra6 43. Ra1 Rab6 44. Ree1 b4 45. axb4 axb4 46. Ra7 R8b7 47. Rxb7 Rxb7 48. Ra1 bxc3+ 49. Kxc3 Rb8 50. Kd2 Ke7 51. Bg2 Rb4 52. Kc3 Ra4 53. Rxa4 Bxa4 54. Kd2 Kf6 55. Bh3 Ke7 56. Kc3 Kf6 57. Kb2 Ke7 58. Bg2 Kf6 59. Kc3 Ke7 60. Bf3 Kd6 61. Bd1 Be8 62. Kb4 Ke7 63. c3 Kf6 64. Bc2 Bc6 65. Kc5 Be8 66. Kd6 Bb5 67. Bd1 Kf5 68. Ke7 Ke4 69. Kxe6 Kd3 70. Kxd5 Kxc3 71. Kc5 Ba6 72. d5 Kd2 73. Ba4 c3 74. d6 Bc8 75. Kc6 c2 76. Bxc2 Kxc2 77. d7 Bxd7+ 78. Kxd7 Kd3 79. Ke6 Ke4 80. Kf6 Kf3 81. Kxg6 Kxg3 82. Kg5 1-0

[Event "BCF-chT3Sb 1819 (4NCL)"]
[Site "England"]
[Date "2019.01.12"]
[Round "3.51"]
[White "Heaven, Peter"]
[Black "Harley, Andrew D"]
[Result "0-1"]
[WhiteElo "2038"]
[BlackElo "2192"]
[PlyCount "51"]
[EventDate "2018.11.17"]
[EventType "team-tourn"]
[EventRounds "7"]
[EventCountry "ENG"]
[SourceTitle "EXT 2021"]
[Source "ChessBase"]
[SourceDate "2020.10.23"]
[SourceVersion "1"]
[SourceVersionDate "2020.10.23"]
[SourceQuality "1"]
[WhiteTeam "Rhyfelwyr Essyllwg"]
[BlackTeam "Poisoned Pawns"]
[WhiteTeamCountry "ENG"]
[BlackTeamCountry "ENG"]

1. e4 e6 2. d4 d5 3. Nc3 Bb4 4. exd5 exd5 5. Bd3 Nc6 6. Nge2 Nge7 7. 0-0 0-0 8. a3 Bxc3 9. bxc3 Bf5 10. Ng3 Bxd3 11. cxd3 Qd7 12. Qf3 Rfe8 13. Bd2 Ng6 14. Nh5 Re6 15. Rfe1 Rae8 16. g3 Rxe1+ 17. Rxe1 Rxe1+ 18. Bxe1 Qe7 19. Bd2 Qxa3 20. Qxd5 Qb2 21. Bg5 Qxc3 22. Qd7 Qa1+ 23. Kg2 Qxd4 24. Qc8+ Nf8 25. h4 f6 26. Qxb7 0-1

[Event "London Classic op"]
[Site "London"]
[Date "2017.12.05"]
[Round "5"]
[White "Harley, Andrew D"]
[Black "Riedener, Toni"]
[Result "1-0"]
[WhiteElo "2196"]
[BlackElo "1989"]
[PlyCount "59"]
[EventDate "2017.12.02"]
[EventType "swiss"]
[EventRounds "9"]
[EventCountry "ENG"]
[SourceTitle "CBM 182 Extra"]
[Source "ChessBase"]
[SourceDate "2018.02.23"]
[SourceVersion "1"]
[SourceVersionDate "2018.02.23"]
[SourceQuality "1"]

1. e4 c5 2. c3 Nf6 3. e5 Nd5 4. d4 cxd4 5. Nf3 Nc6 6. cxd4 d6 7. Bc4 Nb6 8. Bb5 dxe5 9. Nxe5 Bd7 10. Nxd7 Qxd7 11. Nc3 e6 12. 0-0 a6 13. Bxc6 bxc6 14. Be3 Be7 15. Qg4 0-0 16. Bh6 Bf6 17. Rfd1 Nd5 18. Ne4 Qe7 19. Rd3 Kh8 20. Bd2 Rfd8 21. Rh3 Qf8 22. Qh5 Qg8 23. Bg5 Bxd4 24. Bxd8 Nf4 25. Qxh7+ Qxh7 26. Rxh7+ Kxh7 27. Bg5 Bxb2 28. Rb1 Be5 29. Rb6 Rd8 30. Bxd8 1-0

[Event "London Classic op"]
[Site "London"]
[Date "2017.12.03"]
[Round "2"]
[White "Mulay, Partha"]
[Black "Harley, Andrew D"]
[Result "0-1"]
[WhiteElo "1892"]
[BlackElo "2196"]
[PlyCount "72"]
[EventDate "2017.12.02"]
[EventType "swiss"]
[EventRounds "9"]
[EventCountry "ENG"]
[SourceTitle "CBM 182 Extra"]
[Source "ChessBase"]
[SourceDate "2018.02.23"]
[SourceVersion "1"]
[SourceVersionDate "2018.02.23"]
[SourceQuality "1"]

1. e4 e6 2. d4 d5 3. exd5 exd5 4. c4 Nf6 5. Nc3 Bb4 6. Bd3 0-0 7. Nge2 dxc4 8. Bxc4 h6 9. 0-0 Nc6 10. a3 Ba5 11. Bf4 Nh5 12. Be3 Bf5 13. b4 Bb6 14. Nd5 Nf6 15. Nxb6 axb6 16. Nc3 Ne4 17. Nxe4 Bxe4 18. Qg4 Re8 19. Bxh6 Qxd4 20. Rad1 Qf6 21. Bg5 Qg6 22. f4 Qf5 23. Qh4 Bxg2 24. Bxf7+ Qxf7 25. Kxg2 Rxa3 26. Qg4 Ra2+ 27. Rf2 Rxf2+ 28. Kxf2 Qa2+ 29. Kg1 Nd4 30. Bf6 Ne2+ 31. Kh1 Qf7 32. Be5 Nxf4 33. Qxf4 Rxe5 34. Rd8+ Re8 35. Rxe8+ Qxe8 36. Qxc7 Qc6+ 0-1

[Event "London Classic op"]
[Site "London"]
[Date "2017.12.02"]
[Round "1"]
[White "Harley, Andrew D"]
[Black "Mohnblatt, Daniel"]
[Result "1/2-1/2"]
[WhiteElo "2196"]
[BlackElo "1734"]
[PlyCount "52"]
[EventDate "2017.12.02"]
[EventType "swiss"]
[EventRounds "9"]
[EventCountry "ENG"]
[SourceTitle "CBM 182 Extra"]
[Source "ChessBase"]
[SourceDate "2018.02.23"]
[SourceVersion "1"]
[SourceVersionDate "2018.02.23"]
[SourceQuality "1"]

1. e4 c5 2. c3 Nf6 3. e5 Nd5 4. Nf3 e6 5. d4 cxd4 6. cxd4 d6 7. a3 Bd7 8. Bd3 Bc6 9. 0-0 Nd7 10. Re1 Be7 11. b4 a6 12. Nbd2 dxe5 13. dxe5 a5 14. bxa5 Nc5 15. Bc4 Nf4 16. Qc2 Nfd3 17. Re3 Nxc1 18. Rxc1 Rxa5 19. Ba2 0-0 20. Bb1 g6 21. Nc4 Ba4 22. Qc3 Ra6 23. Bc2 Bxc2 24. Qxc2 b5 25. Rd1 Qb8 26. Ncd2 Rc8 1/2-1/2

[Event "BCF-chT2c 1112 (4NCL)"]
[Site "England"]
[Date "2012.05.07"]
[Round "9.32"]
[White "Harley, Andrew D"]
[Black "Holland, James P"]
[Result "1/2-1/2"]
[WhiteElo "2221"]
[BlackElo "2199"]
[PlyCount "24"]
[EventDate "2011.11.12"]
[EventType "team-swiss"]
[EventRounds "11"]
[EventCountry "ENG"]
[SourceTitle "EXT 2013"]
[Source "ChessBase"]
[SourceDate "2012.11.22"]
[SourceVersion "1"]
[SourceVersionDate "2012.11.22"]
[SourceQuality "1"]
[WhiteTeam "Poisoned Pawns"]
[BlackTeam "AMCA Dragons"]
[WhiteTeamCountry "ENG"]
[BlackTeamCountry "ENG"]

1. e4 e5 2. Nf3 Nc6 3. Bb5 a6 4. Ba4 Nf6 5. 0-0 Be7 6. d3 d6 7. c3 0-0 8. Nbd2 b5 9. Bc2 Re8 10. Re1 d5 11. Nf1 dxe4 12. dxe4 Qxd1 1/2-1/2

[Event "BCF-chT2 1011 (4NCL)"]
[Site "England"]
[Date "2011.01.16"]
[Round "4.64"]
[White "Wittmann, Jochen"]
[Black "Harley, Andrew D"]
[Result "1/2-1/2"]
[WhiteElo "2202"]
[BlackElo "2202"]
[PlyCount "38"]
[EventDate "2010.11.06"]
[EventType "team-swiss"]
[EventRounds "11"]
[EventCountry "ENG"]
[SourceTitle "EXT 2012"]
[Source "ChessBase"]
[SourceDate "2011.11.24"]
[SourceVersion "1"]
[SourceVersionDate "2011.11.24"]
[SourceQuality "1"]
[WhiteTeam "Kings Head"]
[BlackTeam "Poisoned Pawns"]
[WhiteTeamCountry "ENG"]
[BlackTeamCountry "ENG"]

1. e4 e6 2. b3 b6 3. Bb2 Bb7 4. Qe2 c5 5. Nf3 Nf6 6. e5 Nd5 7. a3 Nc6 8. c4 Nde7 9. Nc3 d5 10. Nb5 Ng6 11. cxd5 exd5 12. d4 a6 13. Nd6+ Bxd6 14. exd6+ Kf8 15. dxc5 bxc5 16. Qd2 Qxd6 17. Be2 Nf4 18. 0-0 Nxe2+ 19. Qxe2 f6 1/2-1/2

[Event "BCF-chT2 1011 (4NCL)"]
[Site "England"]
[Date "2010.11.06"]
[Round "1.83"]
[White "Harley, Andrew D"]
[Black "Jaunooby, Ali Reza"]
[Result "1-0"]
[WhiteElo "2202"]
[BlackElo "2207"]
[PlyCount "137"]
[EventDate "2010.11.06"]
[EventType "team-swiss"]
[EventRounds "11"]
[EventCountry "ENG"]
[SourceTitle "EXT 2012"]
[Source "ChessBase"]
[SourceDate "2011.11.24"]
[SourceVersion "1"]
[SourceVersionDate "2011.11.24"]
[SourceQuality "1"]
[WhiteTeam "Poisoned Pawns"]
[BlackTeam "3CS Oldham"]
[WhiteTeamCountry "ENG"]
[BlackTeamCountry "ENG"]

1. e4 g6 2. d4 Bg7 3. Nc3 d6 4. f4 a6 5. Nf3 b5 6. e5 Bb7 7. Bd3 Nd7 8. Qe2 Nh6 9. Be3 c5 10. Be4 Bxe4 11. Nxe4 cxd4 12. Bxd4 Nf5 13. 0-0-0 Nxd4 14. Rxd4 Qa5 15. Nc3 0-0 16. Kb1 Nb6 17. Nd5 Nxd5 18. Rxd5 Qb4 19. g3 dxe5 20. Nxe5 Rac8 21. Rhd1 h6 22. Qd2 Qe4 23. Re1 Qa4 24. Nd7 Rfd8 25. Nf6+ Bxf6 26. Rxd8+ Rxd8 27. Qxd8+ Kg7 28. Qd2 Qc4 29. Qd3 Qb4 30. c3 Qc5 31. Qe3 Qd6 32. Kc2 b4 33. Rd1 Qc6 34. Rd2 Qc4 35. b3 Qc6 36. c4 Qh1 37. Kd3 Bc3 38. Rf2 Qd1+ 39. Rd2 Qb1+ 40. Ke2 e6 41. Rd7 Qe1+ 42. Kf3 Qh1+ 43. Ke2 Qxh2+ 44. Qf2 Qh5+ 45. Kf1 Qh1+ 46. Qg1 Qe4 47. Qf2 a5 48. Qe2 Qc6 49. Rd3 Qh1+ 50. Kf2 Qa1 51. Rd1 Bd4+ 52. Kf3 Qc3+ 53. Qd3 e5 54. Qxc3 bxc3 55. fxe5 Bxe5 56. a3 h5 57. b4 axb4 58. axb4 g5 59. Rc1 f5 60. c5 Kf6 61. c6 Ke6 62. Re1 g4+ 63. Kg2 c2 64. Rc1 f4 65. gxf4 Bxf4 66. Rxc2 Bc7 67. b5 h4 68. b6 h3+ 69. Kh1 1-0

[Event "BCF-chT2a 0809 (4NCL)"]
[Site "Hinckley Island"]
[Date "2009.03.21"]
[Round "7.3"]
[White "Hall, Daniel"]
[Black "Harley, Andrew D"]
[Result "1-0"]
[WhiteElo "2133"]
[BlackElo "2212"]
[PlyCount "77"]
[EventDate "2008.10.04"]
[EventType "team-tourn"]
[EventRounds "7"]
[EventCountry "ENG"]
[SourceTitle "EXT 2010"]
[Source "ChessBase"]
[SourceDate "2010.11.25"]
[SourceVersion "1"]
[SourceVersionDate "2010.11.25"]
[SourceQuality "1"]
[WhiteTeam "Brown Jack"]
[BlackTeam "Poisoned Pawns"]
[WhiteTeamCountry "ENG"]
[BlackTeamCountry "ENG"]

1. e4 e6 2. d4 d5 3. Nc3 Bb4 4. e5 c5 5. Bd2 Ne7 6. Nb5 Bxd2+ 7. Qxd2 0-0 8. dxc5 Nd7 9. Qc3 a6 10. Nd6 Qc7 11. f4 Qxc5 12. Qxc5 Nxc5 13. Nf3 Bd7 14. 0-0-0 Bb5 15. Bxb5 axb5 16. a3 Ra4 17. g3 b4 18. axb4 Rxb4 19. c3 Rb6 20. Nd4 Nc8 21. b4 Nd7 22. N6b5 Ne7 23. Rhe1 Ra8 24. Kb2 Rba6 25. Kb3 Nb6 26. Re2 Nc4 27. Rde1 g6 28. Nc2 Rb6 29. Nca3 Nxa3 30. Nxa3 Nc6 31. b5 d4 32. c4 d3 33. Re4 d2 34. Rd1 Rd8 35. c5 Rd3+ 36. Kb2 Rxa3 37. Kxa3 Rxb5 38. Rxd2 Rxc5 39. Rd7 1-0

[Event "BCF-chT2a 0809 (4NCL)"]
[Site "Hinckley Island"]
[Date "2009.01.17"]
[Round "5.2"]
[White "Harley, Andrew D"]
[Black "Burnett, Andrew"]
[Result "1/2-1/2"]
[WhiteElo "2212"]
[BlackElo "2202"]
[PlyCount "86"]
[EventDate "2008.10.04"]
[EventType "team-tourn"]
[EventRounds "7"]
[EventCountry "ENG"]
[SourceTitle "EXT 2010"]
[Source "ChessBase"]
[SourceDate "2010.11.25"]
[SourceVersion "1"]
[SourceVersionDate "2010.11.25"]
[SourceQuality "1"]
[WhiteTeam "Poisoned Pawns"]
[BlackTeam "Pandoras Box"]
[WhiteTeamCountry "ENG"]
[BlackTeamCountry "ENG"]

1. e4 c5 2. c3 d6 3. d4 Nf6 4. Bd3 cxd4 5. cxd4 e5 6. Nf3 Bg4 7. d5 a6 8. 0-0 Be7 9. Be3 0-0 10. h3 Bxf3 11. Qxf3 Nbd7 12. Nc3 Ne8 13. Qg3 g6 14. Bh6 Ng7 15. Qg4 Kh8 16. g3 Nf6 17. Qe2 Nfh5 18. Qd2 f5 19. Kh2 f4 20. g4 Nf6 21. f3 Ng8 22. Bxg7+ Kxg7 23. Rac1 Nf6 24. Ne2 Rh8 25. Qc3 Rc8 26. Qxc8 Qxc8 27. Rxc8 Rxc8 28. Rc1 Rxc1 29. Nxc1 h5 30. Kg2 Bd8 31. Kf2 Bb6+ 32. Ke1 Kh6 33. Kf1 Kg5 34. Kg2 Nh7 35. Bf1 Kh4 36. Kh2 Ng5 37. Bg2 Bf2 38. gxh5 gxh5 39. Nd3 Bg3+ 40. Kg1 Nxh3+ 41. Kf1 Ng5 42. b4 Nf7 43. Nb2 Bh2 1/2-1/2

[Event "BCF-chT2 0708 (4NCL)"]
[Site "Sunningdale"]
[Date "2008.03.02"]
[Round "8.1"]
[White "Tymrakiewicz, Rafal"]
[Black "Harley, Andrew D"]
[Result "1-0"]
[WhiteElo "2273"]
[BlackElo "2223"]
[PlyCount "69"]
[EventDate "2007.09.15"]
[EventType "team-tourn"]
[EventRounds "11"]
[EventCountry "ENG"]
[SourceTitle "EXT 2023"]
[Source "ChessBase"]
[SourceDate "2022.10.05"]
[SourceVersion "1"]
[SourceVersionDate "2022.10.05"]
[SourceQuality "1"]
[WhiteTeam "Guildford III"]
[BlackTeam "Poisoned Pawns"]
[WhiteTeamCountry "ENG"]
[BlackTeamCountry "ENG"]

1. Nf3 Nf6 2. d4 e6 3. Bg5 c5 4. e3 cxd4 5. exd4 b6 6. Bd3 Bb7 7. 0-0 Be7 8. Nbd2 0-0 9. Re1 d6 10. c4 h6 11. Bh4 Nc6 12. Rc1 Rc8 13. a3 d5 14. c5 bxc5 15. dxc5 a5 16. Bb1 Nd7 17. Qc2 f5 18. Bxe7 Qxe7 19. b4 e5 20. b5 Na7 21. c6 Nxb5 22. Qb3 Bxc6 23. Rxc6 Rxc6 24. Qxd5+ Re6 25. Qxb5 Kh8 26. Qxa5 e4 27. Nd4 Re5 28. Qb4 Qg5 29. Nc4 Ree8 30. Qd6 Rf7 31. g3 Rc8 32. Ba2 Nf6 33. Ne6 Qh5 34. Nf4 Ne8 35. Qe6 1-0

[Event "BCF-chT2 0708 (4NCL)"]
[Site "Sunningdale"]
[Date "2008.01.13"]
[Round "6.2"]
[White "Harley, Andrew D"]
[Black "Hodgson, John H"]
[Result "1/2-1/2"]
[WhiteElo "2223"]
[BlackElo "2216"]
[PlyCount "49"]
[EventDate "2007.09.15"]
[EventType "team-tourn"]
[EventRounds "11"]
[EventCountry "ENG"]
[SourceTitle "EXT 2023"]
[Source "ChessBase"]
[SourceDate "2022.10.05"]
[SourceVersion "1"]
[SourceVersionDate "2022.10.05"]
[SourceQuality "1"]
[WhiteTeam "Poisoned Pawns"]
[BlackTeam "Barbican"]
[WhiteTeamCountry "ENG"]
[BlackTeamCountry "ENG"]

1. e4 c5 2. c3 Nf6 3. e5 Nd5 4. Bc4 e6 5. d4 Nc6 6. Nf3 cxd4 7. cxd4 d6 8. 0-0 Be7 9. a3 0-0 10. Re1 Bd7 11. Bd2 Qb6 12. Nc3 Nxc3 13. Bxc3 dxe5 14. dxe5 Rfd8 15. Qe2 Be8 16. b4 Rd7 17. Nd2 a5 18. bxa5 Nxa5 19. Bd3 Qd8 20. Bc2 Nc6 21. Qe4 g6 22. Nb3 Rxa3 23. Rxa3 Bxa3 24. h4 Bf8 25. h5 1/2-1/2

[Event "BCF-chT2 0607 (4NCL)"]
[Site "Sunningdale"]
[Date "2007.05.06"]
[Round "10.3"]
[White "Radovanovic, Jovica"]
[Black "Harley, Andrew D"]
[Result "1/2-1/2"]
[WhiteElo "2362"]
[BlackElo "2225"]
[PlyCount "35"]
[EventDate "2006.09.16"]
[EventType "team"]
[EventRounds "11"]
[EventCountry "ENG"]
[SourceTitle "EXT 2008"]
[Source "ChessBase"]
[SourceDate "2007.11.25"]
[SourceVersion "1"]
[SourceVersionDate "2007.11.25"]
[SourceQuality "1"]
[WhiteTeam "Hilsmark Kingfisher II"]
[BlackTeam "Poisoned Pawns"]
[WhiteTeamCountry "ENG"]
[BlackTeamCountry "ENG"]

1. e4 e6 2. d4 d5 3. Nd2 c5 4. Ngf3 cxd4 5. exd5 Qxd5 6. Bc4 Qd6 7. 0-0 Nf6 8. Nb3 Nc6 9. Nbxd4 Nxd4 10. Qxd4 Qxd4 11. Nxd4 Bd7 12. Rd1 Rc8 13. Bb3 Bc5 14. Bg5 Ne4 15. Be3 e5 16. Nf3 Bxe3 17. fxe3 f6 18. Bd5 1/2-1/2

[Event "BCF-chT2 0607 (4NCL)"]
[Site "Sunningdale"]
[Date "2006.09.17"]
[Round "2.1"]
[White "Anderton, Matthew"]
[Black "Harley, Andrew D"]
[Result "1/2-1/2"]
[WhiteElo "2216"]
[BlackElo "2230"]
[PlyCount "66"]
[EventDate "2006.09.16"]
[EventType "team"]
[EventRounds "11"]
[EventCountry "ENG"]
[SourceTitle "CBM 115 Extra"]
[Source "ChessBase"]
[SourceDate "2007.01.10"]
[SourceVersion "1"]
[SourceVersionDate "2007.01.10"]
[SourceQuality "1"]
[WhiteTeam "Guildford III"]
[BlackTeam "Poisoned Pawns"]
[WhiteTeamCountry "ENG"]
[BlackTeamCountry "ENG"]

1. e4 e6 2. d4 d5 3. Nc3 Bb4 4. e5 c5 5. a3 Bxc3+ 6. bxc3 Ne7 7. h4 Qc7 8. Nf3 h6 9. h5 b6 10. Bb5+ Bd7 11. Bd3 Nbc6 12. 0-0 0-0 13. g3 f5 14. Be3 cxd4 15. cxd4 Na5 16. Bd2 Nc4 17. Bb4 Rfe8 18. Qe2 Nc6 19. Bxc4 Nxb4 20. axb4 dxc4 21. Ra3 Qc6 22. Rd1 Qd5 23. Nh4 Bc6 24. f3 a5 25. bxa5 Rxa5 26. Rc3 b5 27. Ng6 Qd7 28. Qd2 Rea8 29. Re3 Ra1 30. Rxa1 Rxa1+ 31. Kg2 Ra4 32. c3 Qa7 33. Re2 Bd5 1/2-1/2

[Event "BCF-chT2 0607 (4NCL)"]
[Site "Sunningdale"]
[Date "2006.09.16"]
[Round "1.1"]
[White "Harley, Andrew D"]
[Black "Bates, Richard"]
[Result "0-1"]
[WhiteElo "2230"]
[BlackElo "2366"]
[PlyCount "100"]
[EventDate "2006.09.16"]
[EventType "team"]
[EventRounds "11"]
[EventCountry "ENG"]
[SourceTitle "CBM 115 Extra"]
[Source "ChessBase"]
[SourceDate "2007.01.10"]
[SourceVersion "1"]
[SourceVersionDate "2007.01.10"]
[SourceQuality "1"]
[WhiteTeam "Poisoned Pawns"]
[BlackTeam "Richmond"]
[WhiteTeamCountry "ENG"]
[BlackTeamCountry "ENG"]

1. e4 c5 2. c3 Nf6 3. e5 Nd5 4. Bc4 Nb6 5. Bb3 Nc6 6. Nf3 d5 7. exd6 c4 8. Bc2 Qxd6 9. 0-0 Bg4 10. Qe2 e6 11. h3 Bh5 12. Na3 Qf4 13. b3 cxb3 14. axb3 Bd6 15. Nb5 Bb8 16. Qe3 Nd5 17. Qxf4 Nxf4 18. Nbd4 Nxd4 19. Nxd4 Bg6 20. Ba3 Ne2+ 21. Nxe2 Bxc2 22. Nd4 Bd3 23. Rfe1 Kd7 24. Re3 Bg6 25. Nf3 f6 26. d4 Bf4 27. Re2 Bd3 28. Rea2 Rac8 29. Bc1 Bb8 30. c4 g5 31. d5 exd5 32. Rd2 Be4 33. Bb2 Rhf8 34. Re1 Rce8 35. Ba3 Rg8 36. cxd5 g4 37. Nd4 gxh3 38. g3 h2+ 39. Kxh2 Rg6 40. Rxe4 Rxe4 41. Ne6 Bd6 42. Bc5 a6 43. Bd4 h5 44. Kh3 h4 45. gxh4 Re1 46. f4 Rh1+ 47. Rh2 Rd1 48. h5 Rg8 49. h6 Rg6 50. h7 Rd3+ 0-1

[Event "BCF-chT3 0506 (4NCL)"]
[Site "Birmingham"]
[Date "2006.04.30"]
[Round "10.4"]
[White "Kwiatkowski, Feliks Jerzy"]
[Black "Harley, Andrew D"]
[Result "1/2-1/2"]
[WhiteElo "2227"]
[BlackElo "2239"]
[PlyCount "42"]
[EventDate "2005.10.22"]
[EventType "team"]
[EventRounds "11"]
[EventCountry "ENG"]
[SourceTitle "EXT 2007"]
[Source "ChessBase"]
[SourceDate "2006.11.23"]
[SourceVersion "1"]
[SourceVersionDate "2006.11.23"]
[SourceQuality "1"]
[WhiteTeam "Kings Head"]
[BlackTeam "Poisoned Pawns"]
[WhiteTeamCountry "ENG"]
[BlackTeamCountry "ENG"]

1. e4 e6 2. d4 d5 3. Nd2 c5 4. Ngf3 cxd4 5. exd5 Qxd5 6. Bc4 Qd6 7. 0-0 Nf6 8. Nb3 Nc6 9. Nbxd4 Nxd4 10. Nxd4 a6 11. Bb3 Qc7 12. Qf3 Bd6 13. h3 0-0 14. Bg5 Nd7 15. c3 b5 16. Rfe1 Bb7 17. Qh5 Rfe8 18. Bc2 Nf8 19. Rad1 Bh2+ 20. Kh1 Bf4 21. Be4 Bxe4 1/2-1/2

[Event "BCF-chT2 0304 (4NCL)"]
[Site "West Bromwich"]
[Date "2004.03.20"]
[Round "5.4"]
[White "Harley, Andrew D"]
[Black "O'Shaughnessy, Conor"]
[Result "1/2-1/2"]
[WhiteElo "2238"]
[BlackElo "2202"]
[PlyCount "39"]
[EventDate "2003.11.17"]
[EventType "team"]
[EventRounds "11"]
[EventCountry "ENG"]
[SourceTitle "EXT 2005"]
[Source "ChessBase"]
[SourceDate "2004.11.15"]
[SourceVersion "1"]
[SourceVersionDate "2004.11.15"]
[SourceQuality "1"]
[WhiteTeam "Poisoned Pawns"]
[BlackTeam "Kings Head"]
[WhiteTeamCountry "ENG"]
[BlackTeamCountry "ENG"]

1. e4 c5 2. c3 Nf6 3. e5 Nd5 4. Nf3 e6 5. d4 cxd4 6. cxd4 b6 7. Bd3 Bb7 8. 0-0 Be7 9. Nc3 0-0 10. Qe2 f5 11. Bd2 Nxc3 12. bxc3 Nc6 13. Rfe1 Rc8 14. Rab1 Na5 15. c4 Bxf3 16. gxf3 Bg5 17. f4 Bh6 18. Bxa5 bxa5 19. Qf3 Rf7 20. c5 1/2-1/2